02142nam a2200229 450000500170000000800410001704000440005804100080010208200140011010000450012424501910016926000400036030000340040050007070043450505210114150600210166254600330168365000170171665000140173365000180174785601470176520230803131819.0180312b1858 sp ||||fr|||| 001 0 spa d aCO-BoUCMbspacSandra YazodSandra Yazo0 aspa04220a149.71 aSabuco de Nantes Barrera, Olivad1562 - 10aNueva filosofía de la naturaleza del hombre, bno conocida, ni alcanzada de los frandes filósofos antiguos, la qual mejora la vida, y salud humana ...cOliva Sabuco de Nantes Barrera aMadrid (Espapa)bP. Madrigalc1858? a2 - 368 páginasc11 x 10 cm aDetalles físicos: sin encuadernación original, actualmente: encuadernación rígida: cartón forrado en cuero. Lomo con tejuelo: letras y motivos decorativos en dorado. Tapas con recuadros decorativos dorados en los bordes. Guardas. Ejemplar mútilo, sin portada y primeras páginas. Dedicatoria. Mayúsculas capitales. Texto impreso en una sola columna con diferentes tipos y tamaños de letras. Apostillas marginales impresas. Signaturas. Reclamos. Anotaciones manuscritas y subrayados frecuentes. Deterioro en parte superior e inferior del lomo. Tapas con raspaduras. Perdió parte de guarda delantera. Papel manchado. Tres primeras hojas que se conservan, deterioradas en parte inferior0 aColoquio del conocimiento de si mismo y de la naturaleza del ser humano ; Coloquio en que se trata de la compostura del mundo ; Coloquio de las cosas que mejorarán este mundo y sus repúblicas ; Coloquio de los auxilios o remedios de la Vera Medicina ; Vera Medicina y Vera Filosofía oculta a los antiguos, en dos diálogos ; Sentencias breves sobre la naturaleza del hombre ; Filosofía sobre la naturaleza de los compuestos, del hombre y del mundo ; Perteneció a la Biblioteca de Mons. J. V. Castro Silva. aConsulta en sala aTexto en español y latín 7aFilosofía  7aMedicina  7aPsicología 48uhttps://books.google.com.co/books?id=CjRsuZptE2kC&printsec=frontcover&source=gbs_ge_summary_r&cad=0#v=onepage&q&f=falsezDisponible en línea